Custody/ (Record no. 201538)

MARC details
000 -LEADER
fixed length control field 00604nam a22002057a 4500
005 - DATE AND TIME OF LATEST TRANSACTION
control field 20240315154547.0
010 ## - LCCN (DPL NO)
LC control number ENG-139723
020 ## - INTERNATIONAL STANDARD BOOK NUMBER
Terms of availability 450.00
International Standard Book Number 9788184001549
035 ## - SYSTEM CONTROL NUMBER
System control number EN-123255
037 ## - SOURCE OF ACQUISITION
Source of stock number/acquisition DBAD/PUB
082 ## - DEWEY DECIMAL CLASSIFICATION NUMBER
Classification number N
Edition number 1
100 ## - MAIN ENTRY--PERSONAL NAME
Personal name Kapur Manju
245 ## - TITLE STATEMENT
Title Custody/
Statement of responsibility, etc Manju Kapur
Medium English
250 ## - EDITION STATEMENT
Edition statement 1
260 ## - PUBLICATION, DISTRIBUTION, ETC. (IMPRINT)
Place of publication, distribution, etc Noida,UP
Name of publisher, distributor, etc Random House Publisher India Private Limited
Date of publication, distribution, etc 2011
270 ## - ADDRESS
Address MindMill Corporate Tower, 2nd Floor,Plot No.24A,Sector 16A
City Noida
Postal code 201301
300 ## - PHYSICAL DESCRIPTION
Extent 415pages
Dimensions 22cm(hbk)
700 ## - ADDED ENTRY--PERSONAL NAME
Personal name Manju Kapur
9 (RLIN) 60069
942 ## - ADDED ENTRY ELEMENTS (KOHA)
Source of classification or shelving scheme Dewey Decimal Classification
Item type English Books
Classification part N
Call number suffix KAP
Edition 1
Holdings
Withdrawn status Lost status Not for loan Collection code Home library Current library Date acquired Source of acquisition Cost, normal purchase price Full call number Barcode Copy number Cost, replacement price Koha item type
      Fiction Bawana Bawana 15/03/2024 Delivery of Books Act Division 217.00 N KAP EN-123255 1 217.00 English Books

© Delhi Public Library
Hit Counter
free hit counter